|
|
|
|
| LEADER |
01205njm a2200325 a 4500 |
| 001 |
000368661 |
| 003 |
CZ BrMZK |
| 005 |
19980105143423.0 |
| 008 |
980105s1987 xr f und d |
| 028 |
0 |
3 |
|a 10358-2 131
|b Gramofonové závody
|
| 040 |
|
|
|a BOA001
|b cze
|
| 080 |
|
|
|a 786.2.085.7(086.7)
|2 MRF
|
| 100 |
1 |
|
|a Dvořák, Antonín,
|d 1841-1904
|7 jn19981000826
|4 cmp
|
| 245 |
1 |
0 |
|a Slovanské tance
|h [zvukový záznam] /
|c Antonín Dvořák. : čtyřruční klavírní verze
|
| 260 |
|
|
|a Loděnice :
|b Gramofonové závody,
|c p1987
|
| 300 |
|
|
|a 1 CD :
|b DDD ;
|c 12 cm
|
| 306 |
|
|
|a 010909
|
| 490 |
1 |
|
|a Proměny roku
|
| 500 |
|
|
|a Nahr. neuv
|
| 500 |
|
|
|a Durata 69:09
|
| 500 |
|
|
|a Příloha časopisu Malovaný kraj, č. 6/98
|
| 511 |
0 |
|
|a Peter Toperczer, klavír; Marián Lapšanský, klavír.
|
| 653 |
0 |
|
|a klavírní stylizované tance
|
| 700 |
1 |
|
|a Lapšanský, Marián,
|d 1947-
|7 jn19990209470
|4 prf
|
| 700 |
1 |
|
|a Toperczer, Peter,
|d 1944-2010
|7 jn20000402382
|4 prf
|
| 830 |
|
0 |
|a Proměny roku
|
| 910 |
|
|
|a BOA001
|b CD-0006.565
|
| 964 |
|
|
|a Klavír
|x tance stylizované
|x CD
|
| 990 |
|
|
|a AV
|
| 996 |
6 |
|
|b 261H006941
|c CD-0006.565
|l MZK
|r Sklad / do 24 hodin
|n 0
|p p.v.
|w 000368661
|u 000010
|a 1
|e BOA001
|j MZK50
|s P
|